000 00306nam a22001217a 4500
020 _a9788124205334
082 _a620 SHA/EN
100 _aShaw Milton C
245 _aEngineering problem solving- a classical perspective
260 _aNew Delhi
_bCrest Publishing House
_c2004
300 _a472
942 _cBK
999 _c13847
_d13847